NBA Logic Puzzle - Statistics

General Stats
  • This quiz has been taken 7,497 times
    4,458 since last reset
  • The average score is 12 of 25
Answer Stats
Answer % Correct
LeBron James
100%
Kobe Bryant
69%
Dirk Nowitzki
66%
Shaquille O’Neal
65%
Kevin Durant
48%
Stephen Curry
48%
James Harden
47%
Michael Jordan
47%
Wilt Chamberlain
47%
Allen Iverson
46%
Derrick Rose
46%
Larry Bird
46%
Nikola Jokic
46%
Russell Westbrook
46%
Tim Duncan
46%
Joel Embiid
45%
Kareem Abdul-jabbar
45%
Steve Nash
45%
Giannis Antetokounmpo
43%
Magic Johnson
43%
Bob Cousy
42%
Hakeem Olajuwon
41%
Charles Barkley
40%
Bill Russell
38%
Julius Erving
35%
No matching quizzes found
Score Distribution
Percent of People with Each Score
Percentile by Number Answered
Your Score History
You have not taken this quiz since the last reset